00300 a2200097 4500001000900000005001700009008004100026245005400067100002700121773005400148ART_759620260410161637.0260409a 10aParaísos fiscales bajo escrutinio internacional1 aEdelstein, Andrés M.0 tConsultor tributariog- Nº 3 (may. 2007)wREV474